Ariane et Barbe-Bleue (Record no. 170144)

MARC details
000 -LEADER
campo de control de longitud fija 00718nam a22002175i 4500
001 - NÚMERO DE CONTROL
campo de control 170144
003 - IDENTIFICADOR DE NÚMERO DE CONTROL
campo de control ES-MaACL
005 - FECHA Y HORA DE LA ÚLTIMA TRANSACCIÓN
campo de control 20230906214311.0
008 - DATOS DE LONGITUD FIJA--INFORMACIÓN GENERAL
campo de control de longitud fija 090205q1907 fr |||| | fre d
080 ## - NÚMERO DE LA CLASIFICACIÓN DECIMAL UNIVERSAL
Número de la Clasificación Decimal Universal 78.089.1
100 1# - ENTRADA PRINCIPAL--NOMBRE DE PERSONA
Nombre de persona Maeterlinck, Maurice.
9 (RLIN) 75418
245 10 - MENCIÓN DEL TÍTULO
Título Ariane et Barbe-Bleue
Resto del título : conte en trois actes /
Mención de responsabilidad, etc. Maurice Maeterlinck ; musique de Paul Dukas.
260 ## - PUBLICACIÓN, DISTRIBUCIÓN, ETC.
Lugar de publicación, distribución, etc. Paris :
Nombre del editor, distribuidor, etc. Gérard Billaudot,
Fecha de publicación, distribución, etc. [ca. 1907]
300 ## - DESCRIPCIÓN FÍSICA
Extensión 46 p. ;
Dimensiones 18 cm.
490 1# - MENCIÓN DE SERIE
Mención de serie Librairie théatrale
650 #4 - PUNTO DE ACCESO ADICIONAL DE MATERIA--TÉRMINO DE MATERIA
Término de materia o nombre geográfico como elemento de entrada Operetas-
Subdivisión de forma Libretos.
9 (RLIN) 139352
700 1# - ENTRADA AGREGADA--NOMBRE PERSONAL
Nombre de persona Dukas, Paul.
9 (RLIN) 139358
830 1# - PUNTO DE ACCESO ADICIONAL DE SERIE-TÍTULO UNIFORME
Título uniforme Librairie théatrale
9 (RLIN) 188911
852 4# - LOCALIZACIÓN
Ubicación ES-MaACL
Número de control de estantería 2246-F-6
Nota libre - Biblioteca Jacinto Martínez Lacalle
Holdings
Estatus retirado Estado de pérdida Estado de daño No para préstamo Colección Biblioteca de origen Biblioteca actual Ubicación en estantería Fecha de adquisición Fuente de adquisición Total de préstamos Signatura topográfica completa Código de barras Visto por última vez Precio de reemplazo Tipo de ítem Koha
        Colección de folletos Biblioteca del Ateneo de Madrid Biblioteca del Ateneo de Madrid Depósito folletos 05/02/2009     2246-F-6 1178629 23/02/2023 23/02/2023 Folleto